000
00318 a2200133 4500
000
nam a22 7a 4500
100
_a
Bhargav
110
_a
Bhargav
245
_a
Prachin Bharatiya Itihas
250
_a
Latest edition
260
_b
Vishav bharti publication
264
_b
Vishav bharti publication
942
_c
BK
999
_c
395011
_d
395011